[Event "NED-ch U12 op"]
[Site "Borne"]
[Date "2013.08.07"]
[Round "5"]
[White "Weidema, Ivo"]
[Black "Bahadoer, Meri"]
[Result "0-1"]
[WhiteElo "280"]
[BlackElo "730"]
[PlyCount "72"]
[EventDate "2013.08.05"]
[EventType "swiss"]
[EventRounds "13"]
[EventCountry "NED"]
[SourceTitle "EXT 2015"]
[Source "ChessBase"]
[SourceDate "2014.11.20"]
[SourceVersion "1"]
[SourceVersionDate "2014.11.20"]
[SourceQuality "1"]

1. e4 e5 2. Nf3 Nc6 3. Bc4 Bc5 4. d3 h6 5. g3 Nf6 6. Nc3 0-0 7. Be3 Bb6 8. Qe2 Na5 9. 0-0-0 Nxc4 10. dxc4 d6 11. h4 Bg4 12. b3 Qd7 13. Rd2 Qc6 14. Qd1 Nxe4 15. Nxe4 Qxe4 16. Rh2 Bxe3 17. Qe1 Bxd2+ 18. Qxd2 Bxf3 19. g4 Qe2 20. Rh1 Qxd2+ 21. Kxd2 Bxg4 22. Rf1 Rfe8 23. f3 Bf5 24. a4 c6 25. b4 d5 26. cxd5 cxd5 27. a5 Rad8 28. c3 e4 29. fxe4 dxe4+ 30. Kc2 e3+ 31. Rxf5 e2 32. Rb5 e1Q 33. Rxb7 Qd1+ 34. Kb2 Rd2+ 35. Ka3 Qa1+ 36. Kb3 Qa2# 0-1